000 02417nam a2200433 a 4500
003 BLK
005 20240611153611.0
008 180411b bul|||||r ||||||| ||bul||
010 _aKNG00205268000
020 _a978-619-90613-1-2
040 _aBLK
041 _aBUL
_cBUL
080 _aОбща теория на изкуството. Естетика на изкуството
_b7.01
_z7.01
080 _aЛитературна естетика. Философия на литературата
_b82.01
_z82.01
080 _aЕстетика
_b18
_z18
100 1 _aКристелер, Паул Оскар
_eпърви автор
_984248
139 _aКристелер, Паул Оскар
_bК 90
245 1 0 _aСъвременната система на изкуствата
_bИзследване по история на естет. мисъл от Античността до Кант
_cПаул Оскар Кристелер; прев. от англ. Димана Стоянова Илиева; Тодор Тодоров Петев.
250 _a2. изд.
257 _aDEU
260 _bФонд. Моят музей
_c2016
_fСофия : Симолини
_aСофия
300 _a147 с.
_c21 см
380 _a7
490 _aФилософска библиотека
500 _a1. изд. 2009 на изд. Св. Иван Рилски в Семинар - 333 : Философска библиотека ; № 9. - Без сведение за ориг. загл. ; Прев. от англ. изд. - Биогр. данни за авт. отбелязани на гърба на кор. - Библиография на Паул Оскар Кристелер / Тодор Т. Петев: с. 142-144.
650 4 _aИзкуство - теория
_9264929
650 4 _aЕстетика - история
_9287886
653 _aизкуство
653 _aестетика
700 _aИлиева, Димана Стоянова
_d1971 -
_gПреводач от/на английски език.
_9376743
700 1 _aПетев, Тодор Тодоров
_d1970 -
_gИзкуствовед, философ.
_9108699
852 _aЦб 285255
_bЦб
856 4 _qpdf
856 4 _qpdf
942 _cKNG
_n0
_01
944 _aCR
_c20.04.2017
_lГеновева Генчева
_k30560
944 _aED
_c15.09.2017
_lф /
_kЛюдмила_Стоянова
999 _c196013
_d196013
999 _d196013